[Event "COL-ch U20 Girls"]
[Site "Bogota"]
[Date "2015.03.14"]
[Round "5"]
[White "Rodriguez Patino, Isabela"]
[Black "Mora, Monica"]
[Result "1-0"]
[WhiteElo "1211"]
[BlackElo "1900"]
[PlyCount "60"]
[EventDate "2015.03.12"]
[EventType "swiss"]
[EventRounds "7"]
[EventCountry "COL"]
[SourceTitle "CBM 165 Extra"]
[Source "ChessBase"]
[SourceDate "2015.04.21"]
[SourceVersion "1"]
[SourceVersionDate "2015.04.21"]
[SourceQuality "1"]

1. e4 e5 2. Nf3 Nc6 3. Nc3 Nf6 4. Bb5 d6 5. d4 exd4 6. Nxd4 Bd7 7. 0-0 Nxd4 8. Bxd7+ Qxd7 9. Qxd4 Be7 10. Be3 0-0 11. Rad1 Ng4 12. Nd5 Nxe3 13. Nxe7+ Qxe7 14. Qxe3 Rfe8 15. f3 Qe6 16. a3 f5 17. Rd4 Rad8 18. Re1 c5 19. Ra4 a6 20. Kf2 Kf8 21. exf5 Qf6 22. Re4 Rxe4 23. Qxe4 d5 24. Qe6 Qd4+ 25. Kg3 Qf6 26. Qxf6+ gxf6 27. Re6 Kf7 28. Kh4 d4 29. Rb6 Rd7 30. Kh5 c4 1-0

[Event "COL-ch U20 Girls"]
[Site "Bogota"]
[Date "2015.03.13"]
[Round "3"]
[White "Cardoso Cardoso, Jaidy Marcela"]
[Black "Mora, Monica"]
[Result "1-0"]
[WhiteElo "1682"]
[BlackElo "1900"]
[PlyCount "27"]
[EventDate "2015.03.12"]
[EventType "swiss"]
[EventRounds "7"]
[EventCountry "COL"]
[SourceTitle "CBM 165 Extra"]
[Source "ChessBase"]
[SourceDate "2015.04.21"]
[SourceVersion "1"]
[SourceVersionDate "2015.04.21"]
[SourceQuality "1"]

1. d4 d5 2. Nf3 e6 3. c4 Nf6 4. Bg5 Be7 5. Nc3 0-0 6. e3 Nbd7 7. Rc1 Re8 8. Bd3 h6 9. Bh4 c5 10. 0-0 b6 11. cxd5 Nxd5 12. Bxe7 Nxe7 13. Be4 Rb8 14. Qa4 1-0

[Event "COL-ch U20 Girls"]
[Site "Bogota"]
[Date "2015.03.12"]
[Round "1"]
[White "Mora, Monica"]
[Black "Viveros Torres, Erica Johana"]
[Result "1-0"]
[WhiteElo "1900"]
[BlackElo "1628"]
[PlyCount "49"]
[EventDate "2015.03.12"]
[EventType "swiss"]
[EventRounds "7"]
[EventCountry "COL"]
[SourceTitle "CBM 165 Extra"]
[Source "ChessBase"]
[SourceDate "2015.04.21"]
[SourceVersion "1"]
[SourceVersionDate "2015.04.21"]
[SourceQuality "1"]

1. e4 c5 2. Nf3 d6 3. d4 cxd4 4. Nxd4 Nf6 5. Nc3 Nc6 6. f3 e5 7. Nb3 Be6 8. Be3 Be7 9. Qd2 0-0 10. Be2 a6 11. 0-0 Rc8 12. f4 d5 13. f5 d4 14. fxe6 fxe6 15. Bc4 dxc3 16. Bxe6+ Kh8 17. Qxc3 Bb4 18. Qc4 b5 19. Qe2 Ra8 20. Bg5 Qd6 21. Bf5 Bc5+ 22. Kh1 Qe7 23. Nxc5 Qxc5 24. Be3 Nd4 25. c3 1-0

[Event "Bogota op 05"]
[Site "Bogota"]
[Date "2012.05.20"]
[Round "5"]
[White "Mora, Monica"]
[Black "Garavito, Miguel Angel"]
[Result "0-1"]
[WhiteElo "1931"]
[BlackElo "2232"]
[PlyCount "72"]
[EventDate "2012.05.18"]
[EventType "swiss"]
[EventRounds "7"]
[EventCountry "COL"]
[SourceTitle "CBM 148 Extra"]
[Source "ChessBase"]
[SourceDate "2012.06.22"]
[SourceVersion "1"]
[SourceVersionDate "2012.06.22"]
[SourceQuality "1"]

1. e4 g6 2. f4 Bg7 3. Nf3 d6 4. d4 c5 5. dxc5 Qa5+ 6. c3 Qxc5 7. Qd3 Nf6 8. Be3 Qc7 9. Be2 0-0 10. 0-0 Ng4 11. Bd4 e5 12. h3 exd4 13. hxg4 dxc3 14. Nxc3 Bxg4 15. Nd5 Qc5+ 16. Qe3 Nd7 17. Rac1 Qxe3+ 18. Nxe3 Bxf3 19. Rxf3 Rfe8 20. Bb5 Red8 21. Bxd7 Rxd7 22. Rd1 Re7 23. Rxd6 Rxe4 24. Rd2 Bd4 25. Kf2 Rae8 26. Re2 f5 27. g3 h6 28. b3 Kf7 29. Re1 R8e6 30. Re2 g5 31. fxg5 hxg5 32. Rxf5+ Kg6 33. g4 Rxg4 34. Kf3 Rge4 35. Nc2 Kxf5 36. Rxe4 Rxe4 0-1

[Event "COL-ch U16 Girls"]
[Site "Bogota"]
[Date "2010.03.29"]
[Round "2.1"]
[White "Mora, Monica"]
[Black "Chavez, Diana Maria"]
[Result "0-1"]
[WhiteElo "1953"]
[BlackElo "1838"]
[PlyCount "70"]
[EventDate "2010.03.29"]
[EventType "swiss"]
[EventRounds "8"]
[EventCountry "COL"]
[SourceTitle "EXT 2024"]
[Source "ChessBase"]
[SourceDate "2023.10.10"]
[SourceVersion "1"]
[SourceVersionDate "2023.10.10"]
[SourceQuality "1"]

1. e4 c5 2. Nf3 e6 3. d4 cxd4 4. Nxd4 Qb6 5. Nb3 Qc7 6. Nc3 a6 7. Be3 Nc6 8. Bd3 Nf6 9. f4 d6 10. Qf3 b5 11. 0-0 Bb7 12. Qf2 Nb4 13. h3 Rc8 14. Rac1 Qb8 15. a3 Nxd3 16. cxd3 Be7 17. Ne2 0-0 18. Ng3 Nd7 19. f5 Bh4 20. Qf4 Bxg3 21. Qxg3 d5 22. Qxb8 Rxb8 23. Nd2 Rbc8 24. g4 Ne5 25. fxe6 fxe6 26. Rxf8+ Rxf8 27. exd5 Bxd5 28. Rc3 Nf3+ 29. Nxf3 Rxf3 30. d4 Rxh3 31. Bg5 Rh1+ 32. Kf2 Rh2+ 33. Ke3 Rxb2 34. Kf4 Rf2+ 35. Ke5 Re2+ 0-1

[Event "Cali qual (Women)"]
[Site "Cali"]
[Date "2008.05.04"]
[Round "6"]
[White "Mora, Monica"]
[Black "Castrillon Gomez, Melissa"]
[Result "0-1"]
[WhiteElo "2117"]
[BlackElo "1946"]
[PlyCount "68"]
[EventDate "2008.05.01"]
[EventType "swiss"]
[EventRounds "9"]
[EventCountry "COL"]
[SourceTitle "CBM 124 Extra"]
[Source "ChessBase"]
[SourceDate "2008.07.03"]
[SourceVersion "1"]
[SourceVersionDate "2008.07.03"]
[SourceQuality "1"]

1. e4 c5 2. Nf3 d6 3. d4 cxd4 4. Nxd4 Nf6 5. Nc3 g6 6. f3 Bg7 7. Be3 0-0 8. Qd2 Nc6 9. Bc4 Bd7 10. 0-0-0 Rc8 11. Bb3 Ne5 12. h4 h5 13. Bh6 Bxh6 14. Qxh6 Rxc3 15. bxc3 Qc7 16. Qd2 a5 17. a3 Nc4 18. Bxc4 Qxc4 19. Kb2 e5 20. Nb3 a4 21. Nc1 Rc8 22. Qd3 Qc5 23. Na2 Rc6 24. Nb4 Rb6 25. Rb1 d5 26. exd5 Bf5 27. Qd2 Nxd5 28. Rhe1 f6 29. Kc1 Nxc3 30. Rb2 Rd6 31. Nd3 Qxa3 32. Qe3 Qa1+ 33. Kd2 Qxb2 34. Qc5 Rxd3# 0-1

[Event "COL-ch U14 Girls"]
[Site "Medellin"]
[Date "2008.04.25"]
[Round "2.7"]
[White "Mora, Monica"]
[Black "Hernandez Fonseca, Maria Paula"]
[Result "0-1"]
[WhiteElo "2117"]
[BlackElo "1965"]
[PlyCount "76"]
[EventDate "2008.04.24"]
[EventType "swiss"]
[EventRounds "7"]
[EventCountry "COL"]
[SourceTitle "EXT 2024"]
[Source "ChessBase"]
[SourceDate "2023.10.10"]
[SourceVersion "1"]
[SourceVersionDate "2023.10.10"]
[SourceQuality "1"]

1. e4 c5 2. Nf3 d6 3. d4 cxd4 4. Nxd4 Nf6 5. Nc3 a6 6. f3 e5 7. Nb3 Be6 8. Be3 Be7 9. Qd2 0-0 10. g4 b5 11. h4 b4 12. Nd5 Bxd5 13. exd5 a5 14. h5 Nfd7 15. g5 f5 16. g6 Bh4+ 17. Kd1 Nf6 18. Rxh4 Ne4 19. Qh2 f4 20. gxh7+ Kxh7 21. Bd3 fxe3 22. Bxe4+ Kh8 23. h6 g5 24. Rg4 Nd7 25. Ke2 Nf6 26. Rg2 Nxe4 27. fxe4 a4 28. Nc1 g4 29. Nd3 Qf6 30. Nxb4 Qf3+ 31. Kd3 Rf4 32. c3 Qxe4+ 33. Ke2 Raf8 34. Qh1 Rf2+ 35. Ke1 Rxg2 36. Nd3 Qf3 37. Nc1 Qf2+ 38. Kd1 Qd2# 0-1